| 000 | 00757cam a2200241 4500 | ||
|---|---|---|---|
| 001 | sa 68019018 | ||
| 003 | DLC | ||
| 005 | 20260227112716.0 | ||
| 008 | 711013m19669999ii r 001 0 eng | ||
| 010 | _asa 68019018 | ||
| 025 | _aPL480:I-F-E-102E | ||
| 040 |
_aDLC _cDLC _dDLC |
||
| 043 | _aa-ii--- | ||
| 050 | 0 | 0 |
_aTA12 _b.N39 |
| 245 | 0 | 0 | _aNational register of scientific and technical personnel (Indians abroad) : engineers. |
| 260 | 0 |
_aNew Delhi, _bCouncil of Scientific & Industrial Research, _c1966- |
|
| 300 |
_av. <19-35, 46-53, 55-56> ; _c25 cm. |
||
| 350 | _a0.75 per vol. | ||
| 500 | _a"Series E." | ||
| 500 | _aCover title. | ||
| 650 | 0 |
_aEngineers _zIndia _xDirectories. |
|
| 710 | 2 | 0 | _aCouncil of Scientific & Industrial Research (India). |
| 999 |
_c88774 _d88774 |
||